000 00225nam a2200097Ia 4500
008 190216s9999||||xx |||||||||||||| ||und||
100 _aNull
245 0 _aHindi-Padhya Bharathi
260 _bSri Lekha Publications
942 _cBK
999 _c18059
_d18059